Normal view MARC view

Entry Personal Name

Number of records used in: 1

001 - CONTROL NUMBER

  • control field: 55103

003 - CONTROL NUMBER IDENTIFIER

  • control field: OSt

005 - DATE AND TIME OF LATEST TRANSACTION

  • control field: 20241029105409.0

008 - FIXED-LENGTH DATA ELEMENTS

  • fixed length control field: 241029|| aca||aabn | a|a d

040 ## - CATALOGING SOURCE

  • Original cataloging agency: OSt
  • Transcribing agency: OSt

100 ## - HEADING--PERSONAL NAME

  • Personal name: မင်းကွန်းဆရာတော်ကြီး။

670 ## - SOURCE DATA FOUND

  • Source citation: Work cat.: (OSt)16783: မင်းကွန်းဆရာတော်ကြီး။, သြကာသကန်တော့ခန်းနှင့်သီလယူရှင်းတမ်းတရားတော်= Obeisane and Taking the Precepts /, [ခုနှစ်မပါ]။

Library - 09407999929
Admin Office - 09407999979
Dean Office - 09250910768
Registrar Office - 09892297154
Email - [email protected]
Shan State Buddhist University, Phaya Phyu Taunggyi, Shan State, Myanmar.